Teoría china del arte /

La sabiduría milenaria de la antigua China es rescatada en esta obra en donde la autora vierte la filosofía de los principales filósofos orientales acerca de la teoría artística, los cuales abordan problemáticas como la composición, la técnica, la apreciación o el estilo estético.

Guardado en:
Detalles Bibliográficos
Autor principal: Lin, Yutang (autor)
Formato: Libro
Idioma:Español
Publicado: Buenos Aires, Argentina : Editorial Sudamericana, 1968, c1968
Colección:(Perspectivas)
Temas:
Etiquetas: Agrega una etiqueta
Sin etiquetas, Sé el primero en etiquetar este registro!

MARC

LEADER 00000nam^a2200000^a^4500
001 000358424
005 20250521000000.0
009 20260310115329.266
037 |a Acervo ITESO - Biblioteca 
041 |a ESP 
082 |a 701.  |b LIN 
100 |a Lin, Yutang  |e (autor) 
245 1 0 |a Teoría china del arte /  |c Y. Lin ; tr. de Roberto Bixio. 
264 4 |a Buenos Aires, Argentina :  |b Editorial Sudamericana,  |c 1968, c1968 
300 |a 305 p. 
336 |a texto  |b txt  |2 rdacontenido 
337 |a sin mediación  |b n  |2 rdamedio 
338 |a volumen  |b nc  |2 rdasoporte 
440 1 |a (Perspectivas) 
500 |a Traducción de: The Chinese Theory of Art 
520 |a La sabiduría milenaria de la antigua China es rescatada en esta obra en donde la autora vierte la filosofía de los principales filósofos orientales acerca de la teoría artística, los cuales abordan problemáticas como la composición, la técnica, la apreciación o el estilo estético. 
649 |a XX 
650 |a Cuerpo Humano en el Arte 
650 |a Composición (Arte) 
650 |a Pintura -  |x Filosofía 
650 |a Pintura -  |x Teoría 
650 |a Estética 
650 |a Arte -  |x Teoría -  |x Historia y Crítica 
650 |a Arte -  |x Teoría -  |x Tema Principal 
910 |a Fondo General 
920 |a Impresos - Libros 
930 |a Colección General 
905 |a 101 
901 |a 0500251243  |b IT1  |c ACC  |u 20250521 
902 |a https://opac.biblio.iteso.mx/vufind/Record/000358424